[Event "AUT-chT2W 9798"]
[Site "Austria"]
[Date "1997.??.??"]
[Round "4"]
[White "Amann, Guenter"]
[Black "Hinteregger, Arthur"]
[Result "1-0"]
[WhiteElo "2280"]
[BlackElo "2140"]

1.d4 Nf6 2.Nf3 g6 3.c4 Bg7 4.g3 O-O 5.Bg2 d6 6.O-O Nc6 7.d5 Na5 8.Nfd2 c5
9.Nc3 a6 10.Qc2 Rb8 11.b3 b5 12.Bb2 bxc4 13.bxc4 Re8 14.Nd1 e6 15.e4 exd5
16.cxd5 Bg4 17.Bc3 Bxd1 18.Raxd1 Nd7 19.Bxg7 Kxg7 20.Qc3+ Kg8 21.f4 Rb4 22.Rde1 Qc7
23.h4 Ra4 24.h5 gxh5 25.Bf3 h4 26.gxh4 Qd8 27.Re2 Qxh4 28.Bg4 Re7 29.Rg2  1-0

[Event "AUT-chT9697"]
[Site "Austria"]
[Date "1997.??.??"]
[Round "8"]
[White "Bawart, Markus"]
[Black "Staudner, Oliver"]
[Result "1/2-1/2"]
[WhiteElo "2325"]
[BlackElo "2325"]

1.d4 Nf6 2.c4 g6 3.g3 Bg7 4.Bg2 O-O 5.Nf3 d6 6.O-O Nbd7 7.Nc3 e5 8.d5 a5
9.Ne1 Nc5 10.Be3 Qe7  1/2-1/2

[Event "Wch Seniors"]
[Site "Bad Wildbad"]
[Date "1997.??.??"]
[Round "3"]
[White "Frank, Werner"]
[Black "Caminade, Christian"]
[Result "0-1"]
[WhiteElo "1930"]
[BlackElo "2150"]

1.d4 Nf6 2.c4 g6 3.Nf3 Bg7 4.g3 O-O 5.Bg2 d6 6.O-O Nc6 7.h3 a6 8.Be3 Bd7
9.Qc1 Re8 10.d5 Na5 11.Nbd2 c5 12.a3 b6 13.Rb1 Rc8 14.b4 Nb7 15.bxc5 dxc5
16.Ne5 Nd6 17.Nxd7 Nxd7 18.Bf4 Nf5 19.Nf3 Nd4 20.Re1 b5 21.e4 Qa5 22.e5 Qa4
23.Ng5 e6 24.Ne4 Nxe5 25.Bxe5 Bxe5 26.Nc3 Qxc4 27.Rxe5 exd5 28.Rxe8+ Rxe8
29.Bxd5 Qxc3  0-1

[Event "Bad Woerishofen op"]
[Site "Bad Woerishofen"]
[Date "1997.??.??"]
[Round "2"]
[White "Dautov, Rustem"]
[Black "Trnovec, Mihaly"]
[Result "1-0"]
[WhiteElo "2590"]
[BlackElo "2225"]

1.d4 Nf6 2.Nf3 g6 3.c4 Bg7 4.g3 O-O 5.Bg2 d6 6.Nc3 Nbd7 7.O-O e5 8.e4 c6
9.h3 h6 10.Be3 Re8 11.Re1 Kh7 12.Qc2 Nf8 13.Rad1 Qe7 14.b4 Ng8 15.d5 g5 16.c5 Ng6
17.dxc6 bxc6 18.cxd6 Qd7 19.Na4 Nf6 20.Nc5 Qd8 21.Qa4 Bd7 22.Bf1 a5 23.Nxd7 Nxd7
24.b5 c5 25.Bc4 Qf6 26.Kg2 Bf8 27.Bd5 Nb6 28.Qb3 a4 29.Qd3 c4 30.Bxc4 Nxc4
31.Qxc4 Bxd6 32.Qc6 Be7 33.Qxf6 Bxf6 34.Rd7 Kg7 35.b6 Nf8 36.Ra7 Ne6 37.Rb1 h5
38.Rxa8 Rxa8 39.b7  1-0

[Event "Bad Woerishofen op"]
[Site "Bad Woerishofen"]
[Date "1997.??.??"]
[Round "4"]
[White "Dautov, Rustem"]
[Black "Beckhuis, Gernod"]
[Result "1-0"]
[WhiteElo "2590"]
[BlackElo "2315"]

1.d4 Nf6 2.Nf3 g6 3.c4 Bg7 4.g3 O-O 5.Bg2 d6 6.Nc3 Nbd7 7.O-O e5 8.e4 c6
9.h3 Qb6 10.Re1 exd4 11.Nxd4 Re8 12.Na4 Qa5 13.Bf4 Nc5 14.Nc3 Qb6 15.Nb3 Be6
16.Bxd6 Nfd7 17.Nxc5 Nxc5 18.Qe2 Nd7 19.Rad1 Qa6 20.Bf1 Ne5 21.c5 Bc4 22.Qe3 Bxf1
23.Rxf1 Qa5 24.b3 Nd7 25.Rc1 Re6 26.f3 Rae8 27.Ne2 Nf6 28.Nd4 Nd5 29.Qf2 Bxd4
30.Qxd4 Nf6 31.a4 Qd8 32.b4 a6 33.Rcd1 Qc8 34.Kg2 Rd8 35.Qc3 Rde8 36.Rf2 Nd7
37.Bf4 h5 38.Rd6 Rxd6 39.cxd6 Re6 40.Rd2 Kh7 41.b5 axb5 42.axb5 Re8 43.Rc2 Nb8
44.Qf6 Qe6 45.Qxe6 fxe6 46.bxc6 Nxc6 47.Bg5  1-0

[Event "Baku"]
[Site "Baku"]
[Date "1997.??.??"]
[Round "9"]
[White "Maherramzade, Javad"]
[Black "Yilmaz, Turham"]
[Result "1/2-1/2"]
[WhiteElo "2430"]
[BlackElo "2390"]

1.d4 Nf6 2.Nf3 g6 3.c4 Bg7 4.g3 O-O 5.Bg2 d6 6.Nc3 c6 7.O-O Qa5 8.h3 Be6
9.Nd2 d5 10.Nb3 Qb4 11.c5 Ne4 12.Nxe4 dxe4 13.e3 f5 14.Bd2 Qa4 15.f3 exf3
16.Bxf3 Bd5 17.Na5  1/2-1/2

[Event "Barbera-B"]
[Site "Barbera"]
[Date "1997.??.??"]
[Round "9"]
[White "Hernando Pertierra, Jose C"]
[Black "Ferrer, Martin"]
[Result "1-0"]
[WhiteElo "2400"]
[BlackElo "2280"]

1.d4 Nf6 2.c4 g6 3.Nf3 Bg7 4.g3 O-O 5.Bg2 d6 6.O-O c6 7.Nc3 Qc7 8.h3 e5 9.e4 b6
10.d5 c5 11.Be3 Ne8 12.Nd2 f5 13.f4 Qe7 14.Qe2 Nd7 15.Rae1 exf4 16.gxf4 fxe4
17.Ndxe4 Ndf6 18.Ng3 h5 19.Qd3 h4 20.Bf2 Qf7 21.Nge2 Nh5 22.Bxh4 Bf5 23.Be4 Qd7
24.Kh2 Bh6 25.Bg5 Bxg5 26.fxg5 Neg7 27.Nf4 Nxf4 28.Rxf4 Nh5 29.Rff1 Ng7 30.Bxf5 Rxf5
31.Ne4 Kh8 32.Qg3 Rxf1 33.Rxf1 Re8 34.Qf3 Qe7 35.Nf6 Qe2+ 36.Kg1 Qxf3 37.Rxf3 Re5
38.Ng4 Rxg5 39.Rf8+ Kh7 40.Rf7 Rf5 41.Rxa7 Rf4 42.b3 Rd4 43.Nf6+ Kh6 44.Ng8+ Kh7
45.Ne7 Kh6 46.Ra6 Kg5 47.Rxb6 Kf4 48.Rxd6 Kf3 49.Rxg6 Nh5 50.Nf5 Rd1+ 51.Kh2 Rd2+
52.Kh1 Kf4 53.Rg2 Rd1+ 54.Rg1 Rxg1+ 55.Kxg1 Kxf5 56.a4 Ke5 57.a5 Kd6 58.a6 Kc7
59.d6+  1-0

[Event "Regionalliga NW9798"]
[Site "Bayern"]
[Date "1997.??.??"]
[Round "?"]
[White "Stauch, Frank"]
[Black "Hutschenreuther, Udo"]
[Result "1/2-1/2"]
[WhiteElo "2075"]
[BlackElo "1960"]

1.d4 Nf6 2.Nf3 g6 3.c4 d6 4.g3 Bg7 5.Bg2 O-O 6.Nc3 c6 7.O-O d5 8.b3 Ne4 9.Bb2 Nxc3
10.Bxc3 Bf5 11.Rc1 f6 12.Nh4 Be6 13.Qd3 Nd7 14.cxd5 cxd5 15.e4 Nb6 16.Rfe1 dxe4
17.Qxe4 Bd5 18.Qxe7 Rf7 19.Qe2 Bxg2 20.Nxg2 Nd5 21.Bb2 Bh6 22.Rc5 Bf8 23.Rcc1 Bh6
24.Rcd1 Bf8 25.Rc1 Bh6  1/2-1/2

[Event "Regionalliga NO9798"]
[Site "Bayern"]
[Date "1997.??.??"]
[Round "?"]
[White "Radeck, Kurt"]
[Black "Roesel, Gert"]
[Result "0-1"]
[WhiteElo "1945"]
[BlackElo "1920"]

1.Nf3 Nf6 2.g3 g6 3.Bg2 Bg7 4.c4 d6 5.d4 O-O 6.Nc3 c6 7.O-O Nbd7 8.Qc2 Qc7
9.b3 e5 10.dxe5 dxe5 11.e4 Nc5 12.Ba3 Qa5 13.Bb2 Re8 14.Rfd1 Bg4 15.h3 Bxf3
16.Bxf3 Rad8 17.a3 Ne6 18.b4 Qc7 19.Ne2 Nd7 20.Rd3 Nd4 21.Nxd4 exd4 22.Bxd4 Bxd4
23.Rxd4 Ne5 24.Rxd8 Nxf3+ 25.Kg2 Qxd8 26.Rd1 Qf6 27.Qd3 Ng5 28.Re1 Ne6 29.e5 Qg5
30.Kh2 Rd8 31.Qf3 Qd2 32.Re3 Qd1 33.Qg2 Rd3 34.Rxd3 Qxd3 35.b5 Qxc4 36.bxc6 Qxc6
37.Qf1 Nd4 38.h4 Nf3+ 39.Kh3 Nxe5 40.Qd1  0-1

[Event "Regionalliga SO9798"]
[Site "Bayern"]
[Date "1997.??.??"]
[Round "?"]
[White "Bielmeier, Ludwig"]
[Black "Huwa, Walter"]
[Result "1/2-1/2"]
[WhiteElo "2100"]
[BlackElo "2195"]

1.d4 Nf6 2.Nf3 g6 3.c4 Bg7 4.g3 O-O 5.Bg2 d6 6.O-O c5 7.Nc3 Nc6 8.d5 Na5
9.Nd2 a6 10.Rb1 Rb8 11.b3 b5 12.Bb2 bxc4 13.bxc4 Bh6 14.f4 e5 15.Ba1 Rb4
16.a3 Rxb1 17.Qxb1 exf4 18.gxf4 Re8 19.Qd3 Nh5 20.e3 Qe7 21.Nce4 Nb7 22.Bf3 f5
23.Bxh5 fxe4 24.Qc3 Bg7 25.Qxg7+ Qxg7 26.Bxg7 gxh5 27.Bc3 Nd8 28.Rb1 Nf7
29.Kf2 Bf5 30.Rb7 Nh6 31.Nf1 Rd8 32.Ng3 Bg6 33.h3 h4 34.Nf1 Bf5 35.Kg2 Nf7
36.Bf6 Ra8 37.Bxh4 a5 38.Nd2 Kf8 39.Bf6 a4 40.Rb6 Ke8 41.Nb1 Bc8 42.Nc3 Ba6
43.Nb5 Kd7 44.Bh4 Bxb5 45.Rxb5 Kc7 46.Be1 Nh6 47.Kf2 Nf5 48.Ba5+ Kc8 49.Bc3 Rb8
50.Rxb8+  1/2-1/2

[Event "Landesliga Nord9798"]
[Site "Bayern"]
[Date "1997.??.??"]
[Round "?"]
[White "Artamonov, Sergej"]
[Black "Luft, Josef"]
[Result "0-1"]
[WhiteElo "2005"]
[BlackElo "2115"]

1.d4 Nf6 2.Nf3 g6 3.g3 Bg7 4.Bg2 d6 5.c4 O-O 6.O-O Nc6 7.Nc3 e5 8.dxe5 Nxe5
9.Nxe5 dxe5 10.Qc2 c6 11.Rd1 Qc7 12.b4 Bf5 13.e4 Be6 14.Bf1 Nh5 15.Be3 f5
16.Bc5 Rfd8 17.f3 b6 18.Bf2 Qf7 19.c5 fxe4 20.Nxe4 Bd5 21.Be2 b5 22.Be3 Bf8
23.Bg5 Be7 24.Nd6 Rxd6 25.Bxe7 Re6 26.Bd6 Ng7 27.f4 exf4 28.Bxf4 Rae8 29.Rd2 Nf5
30.Qb2 Qe7 31.Kf2 Re3 32.Bg4 Qe4 33.Rxd5 cxd5 34.Bxe3 Nxe3 35.Bh3 Nc4 36.Qc1 d4
37.Qe1 Ne3 38.Kg1 d3 39.Qc3 Nc4 40.Rf1 Qe3+ 41.Kh1 d2 42.Qf6 Qe5 43.Qf7+ Kh8
44.Bd7 Ne3 45.Kg1 Nxf1 46.Bxe8 Qe3+ 47.Kh1 Qe4+ 48.Kg1 Qf5 49.Qxf5 gxf5 50.Bh5 Ne3
51.Be2 Kg7 52.c6 Nd5 53.Kf2 Kf6 54.Bf3 Ke7 55.c7 Kd7 56.Ke2 Nxb4 57.Kxd2 Kxc7
58.a3 Nc6 59.Ke3 a5 60.Be2 Kb6 61.Bd3 Ne7 62.Kd4 Nc6+ 63.Ke3 Ne7 64.Kd4 Kc6
65.g4 fxg4 66.Bxh7 Kd6 67.Bd3 Nc6+ 68.Ke4 b4 69.axb4 axb4 70.Kf4 Ne5  0-1

[Event "Oberliga Bayern9798"]
[Site "Bayern"]
[Date "1997.??.??"]
[Round "?"]
[White "Pitschka, Claus"]
[Black "Ferlan, Istok"]
[Result "0-1"]
[WhiteElo "2175"]
[BlackElo "2290"]

1.d4 g6 2.Nf3 Bg7 3.c4 d6 4.g3 Nf6 5.Bg2 O-O 6.Nc3 Nc6 7.h3 a6 8.O-O Rb8
9.Bg5 h6 10.Bxf6 Bxf6 11.Rc1 e5 12.d5 Ne7 13.e4 Bg7 14.Ne1 f5 15.Nd3 c5 16.f4 fxe4
17.Nxe4 exf4 18.Qe2 fxg3 19.Rxf8+ Kxf8 20.Nf4 Be5 21.Rf1 Kg7 22.Nxg3 Qg8
23.Nd3 Bd4+ 24.Kh1 Nf5 25.Nxf5+ Bxf5 26.Qe7+ Kh8 27.Nf4 Be5 28.Ne6 Qh7 29.Qh4 Bxb2
30.Be4 g5 31.Bxf5 gxh4 32.Bxh7 Kxh7 33.Rb1 Be5 34.Rb6 Rg8 35.Rxb7+ Kg6 36.Rb1 Kf5
37.Rg1 Rg3 38.Rxg3 hxg3 39.Nc7 Ke4 40.Kg1 Kd3 41.Nxa6 Kxc4 42.a4  0-1

[Event "LIB-ch"]
[Site "Beirut"]
[Date "1997.??.??"]
[Round "4"]
[White "Barakat, Rafic"]
[Black "Kassis, Antoine"]
[Result "0-1"]
[WhiteElo "2175"]
[BlackElo "2170"]

1.Nf3 Nf6 2.g3 g6 3.d4 Bg7 4.Bg2 O-O 5.c4 d6 6.Nc3 Nbd7 7.Bg5 c5 8.Qd2 cxd4
9.Nxd4 Qb6 10.Rd1 Qb4 11.b3 h6 12.Nc2 Qa5 13.Bf4 Kh7 14.b4 Qa6 15.Qd3 Nh5
16.h4 Nxf4 17.gxf4 Nb6 18.c5 Qxd3 19.Rxd3 dxc5 20.bxc5 Nd7 21.c6 Nc5 22.Rg3 bxc6
23.Bxc6 Rb8 24.O-O Rb2 25.Rc1 Be6 26.Ne1 Rc8 27.Bd5 Bxc3 28.Rgxc3 Bxd5 29.Rxc5 Rxc5
30.Rxc5 Rxe2 31.Rxd5 Rxe1+ 32.Kg2 Re6 33.f5 Ra6 34.fxg6+ Kxg6 35.Rd2 e5 36.Re2 Kf5
37.f3 Ra4 38.Kg3 Ra3 39.Kf2 a5 40.Kg3 f6 41.Kf2 Rc3 42.Kg3 h5 43.Re4 Ra3
44.Re2 Ra4 45.Rf2 Ra3 46.Re2 a4 47.Kf2 Rc3 48.Kg3 Ke6 49.Re4 Ra3 50.Re2 f5
51.Kf2 Rc3 52.Rd2 a3 53.Kg2 Rc1 54.Kg3 f4+ 55.Kh3 Rc3 56.Kg2 Kf5 57.Re2 Rc1
58.Kh2 Rb1 59.Kh3 Rg1 60.Kh2 Rg3 61.Rf2 Ke6 62.Rf1 Kd5 63.Rd1+ Kc4 64.Re1 Kd4
65.Rf1 Ke3 66.Re1+ Kxf3 67.Rxe5 Kg4 68.Re4 Rc3 69.Re2 Kxh4 70.Rf2 Kg4 71.Kg2 f3+
72.Kh2 Re3 73.Rf1 Re2+ 74.Kh1 Rxa2  0-1

[Event "BEL-chT9697"]
[Site "BEL"]
[Date "1997.??.??"]
[Round "3"]
[White "Tondivar, Babak"]
[Black "Schebler, Gerhard"]
[Result "0-1"]
[WhiteElo "2305"]
[BlackElo "2425"]

1.Nf3 d6 2.d4 Nf6 3.g3 g6 4.Bg2 Bg7 5.c4 O-O 6.O-O c6 7.Nc3 Qa5 8.h3 Be6
9.Qd3 Qa6 10.b3 d5 11.Ne5 Rd8 12.cxd5 Qxd3 13.Nxd3 Nxd5 14.Nxd5 Bxd5 15.e3 Bxg2
16.Kxg2 Nd7 17.Ba3 e5 18.dxe5 Nxe5 19.Nxe5 Bxe5 20.Rad1 Bf6 21.e4 b6 22.f4 c5
23.e5 Be7 24.Bc1 f6 25.exf6 Bxf6 26.Be3 Kf7 27.Kf3 Rac8 28.g4 Ke6 29.Ke4 Rxd1
30.Rxd1 c4 31.f5+ gxf5+ 32.gxf5+ Ke7 33.bxc4 Rxc4+ 34.Kd5 Rc3 35.Ke4 Ra3
36.Bf4 Ra4+ 37.Kf3 Rxa2 38.Re1+ Kf7 39.Rd1 Ra3+ 40.Ke4 Ra4+ 41.Ke3 Be7 42.Be5 Ra3+
43.Ke4 Ra4+ 44.Ke3 Bg5+ 45.Kf3 Bf6 46.Bb8 Ra3+ 47.Ke4 Ra4+ 48.Kf3 a5 49.Rd7+ Ke8
50.Rxh7 Rb4 51.Bf4 a4 52.h4 Rb5 53.Kg4 a3 54.Bg5 Bxg5 55.hxg5 a2 56.Rh8+ Kd7  0-1

[Event "BEL-chT9697"]
[Site "BEL"]
[Date "1997.??.??"]
[Round "11"]
[White "Tondivar, Babak"]
[Black "Lane, Gary W"]
[Result "1/2-1/2"]
[WhiteElo "2305"]
[BlackElo "2405"]

1.d4 Nf6 2.c4 g6 3.Nf3 Bg7 4.g3 O-O 5.Bg2 d6 6.O-O Nc6 7.Nc3 a6 8.b3 Rb8
9.Nd5 e6 10.Nxf6+ Bxf6 11.Bh6 Re8 12.Rc1 e5 13.d5 Nd4 14.Nxd4 exd4 15.Qd2 Bd7
16.e3 dxe3 17.Bxe3 Bf5 18.Rfe1 Qd7 19.Bd4 Bxd4 20.Qxd4 Rxe1+ 21.Rxe1 Re8
22.Rxe8+ Qxe8 23.Kf1 a5 24.a3 b6 25.f4 Bc2 26.Qc3 Be4 27.Bf3 Bf5  1/2-1/2

[Event "Benasque op"]
[Site "Benasque"]
[Date "1997.??.??"]
[Round "3"]
[White "Izeta Txabarri, Felix"]
[Black "Abella Vazquez, Carlos Manuel"]
[Result "1-0"]
[WhiteElo "2490"]
[BlackElo "2165"]

1.d4 Nf6 2.Nf3 g6 3.c4 Bg7 4.g3 O-O 5.Bg2 d6 6.Nc3 Nc6 7.O-O a6 8.d5 Na5
9.Nd2 c5 10.Qc2 Rb8 11.b3 b5 12.Bb2 e5 13.Rae1 Nh5 14.e3 f5 15.Ne2 Bd7 16.f4 e4
17.Bxg7 Nxg7 18.g4 bxc4 19.bxc4 Be8 20.Qc3 Rf7 21.Kh1 Rfb7 22.Rg1 Rb4 23.gxf5 gxf5
24.Bxe4 Bg6 25.Bb1 Rb2 26.Ng3 Kf7 27.Nxf5 Nxf5 28.Bxf5 Qf6 29.Bxg6+ hxg6
30.Qxa5 Rxd2 31.Qxd2 Rb2 32.Qd3 Rxh2+ 33.Kxh2 Qh4+ 34.Kg2 Qg4+ 35.Kf2 Qh4+
36.Rg3  1-0

[Event "Benasque op"]
[Site "Benasque"]
[Date "1997.??.??"]
[Round "5"]
[White "Komljenovic, Davor"]
[Black "Delchev, Aleksander"]
[Result "0-1"]
[WhiteElo "2460"]
[BlackElo "2515"]

1.d4 Nf6 2.Nf3 g6 3.c4 Bg7 4.g3 O-O 5.Bg2 d6 6.O-O a6 7.Nc3 Nc6 8.d5 Na5
9.Nd2 c5 10.Qc2 Rb8 11.b3 b5 12.Bb2 e5 13.Nd1 Nh5 14.e4 Bh6 15.Bc3 f5 16.f3 Rb7
17.Qd3 b4 18.Bb2 Rbf7 19.Nf2 Nb7 20.Rae1 a5 21.exf5 gxf5 22.Qe2 Bf4 23.Nd3 Bxg3
24.hxg3 Nxg3 25.Qd1 f4 26.Rf2 Qh4 27.Nxe5 dxe5 28.Bxe5 Rf5 29.Nf1 Rh5 30.d6 Qh1+
31.Bxh1 Rxh1+  0-1

[Event "Benasque op"]
[Site "Benasque"]
[Date "1997.??.??"]
[Round "7"]
[White "Komljenovic, Davor"]
[Black "Etchegaray, Patrice"]
[Result "1/2-1/2"]
[WhiteElo "2460"]
[BlackElo "2275"]

1.d4 Nf6 2.Nf3 g6 3.c4 Bg7 4.g3 O-O 5.Bg2 d6 6.O-O c6 7.Nc3 Nbd7 8.e4 e5
9.h3 Qb6 10.c5 dxc5 11.dxe5 Ne8 12.e6 fxe6 13.Ng5 Ne5 14.f4 Nf7 15.Nxf7 Bd4+
16.Kh2 Rxf7 17.e5 Nc7 18.Ne4 Nd5 19.a4 a5 20.h4 Qd8 21.h5 Rg7 22.Ra3 b6 23.Bh3 Qe7
24.Re1 Bd7 25.Kg2 gxh5 26.Qxh5 Bxb2 27.Rf3 Bxc1 28.Rxc1 Be8 29.Qh6 Rg6 30.Qh5 Rg7
31.Qh6 Rg6 32.Qh5 Rg7  1/2-1/2

[Event "Biel op MTO"]
[Site "Biel"]
[Date "1997.??.??"]
[Round "1"]
[White "Ermeni, Avni"]
[Black "Markowski, Tomasz"]
[Result "0-1"]
[WhiteElo "2265"]
[BlackElo "2515"]

1.d4 d6 2.Nf3 Nf6 3.c4 g6 4.g3 Bg7 5.Bg2 O-O 6.O-O Nbd7 7.Nc3 e5 8.e4 exd4
9.Nxd4 Nc5 10.h3 Re8 11.Re1 h6 12.b3 Nh7 13.Bb2 Ng5 14.Kh2 f5 15.f3 fxe4
16.fxe4 Bxh3 17.Bxh3 Bxd4 18.Bg2 Be5 19.Rb1 c6 20.b4 Nce6 21.Qd3 Rf8 22.Rf1 Qe7
23.Nd1 Rxf1 24.Bxf1 Rf8 25.Bg2 Qf6 26.Bxe5 Qxe5 27.Rb2 Nd4 28.Rf2 h5 29.Kg1 Rxf2
30.Nxf2 Ndf3+ 31.Bxf3 Qxg3+ 32.Kf1 Qxf3 33.e5 Qxd3+ 34.Nxd3 dxe5 35.Nxe5 Kg7
36.b5 cxb5 37.cxb5 Ne4  0-1

[Event "Biel op MTO"]
[Site "Biel"]
[Date "1997.??.??"]
[Round "2"]
[White "Skomorokhin, Roman"]
[Black "Terreaux, Gilles"]
[Result "1-0"]
[WhiteElo "2470"]
[BlackElo "2245"]

1.d4 Nf6 2.c4 g6 3.g3 Bg7 4.Bg2 O-O 5.Nf3 d6 6.O-O Nbd7 7.Nc3 e5 8.h3 c6
9.e4 Qb6 10.dxe5 dxe5 11.Qc2 Qb4 12.b3 Qe7 13.Bb2 Ne8 14.Rfe1 Nc7 15.Rad1 Ne6
16.Qc1 Re8 17.Ba3 Qf6 18.Na4 h6 19.c5 Bf8 20.Bb2 Ng5 21.Re3 Nxf3+ 22.Rxf3 Qe7
23.Bf1 Nf6 24.Re1 Nh7 25.Rd3 Bg7 26.b4 Ng5 27.h4 Ne6 28.Ra3 Rb8 29.Nc3 Nd4
30.Ne2 Nb5 31.Rd3 Bg4 32.f3 Be6 33.a4 Nc7 34.Red1 Red8 35.Rd6 Bb3 36.R1d2 h5
37.Qa1 Be6 38.Qa3 Bc4 39.Qc3 Ba6 40.Kf2 Kh7 41.Bh3 Bxe2 42.Kxe2 Ne8 43.Rd7 Rxd7
44.Rxd7 Qf8 45.Be6 a6 46.a5  1-0

[Event "Biel op MTO"]
[Site "Biel"]
[Date "1997.??.??"]
[Round "5"]
[White "Romanishin, Oleg M"]
[Black "Genba, Vladimir"]
[Result "1-0"]
[WhiteElo "2550"]
[BlackElo "2415"]

1.d4 Nf6 2.Nf3 g6 3.g3 Bg7 4.Bg2 O-O 5.c4 d6 6.O-O c5 7.b3 Nc6 8.Bb2 Ne4
9.Nbd2 Bf5 10.Nh4 Nxd2 11.Qxd2 Bd7 12.e3 Qb6 13.Rad1 Bg4 14.f3 cxd4 15.exd4 Bc8
16.Kh1 e5 17.d5 Ne7 18.f4 exf4 19.Bxg7 Kxg7 20.Qxf4 Ng8 21.Nf3 h6 22.Nd4 Bd7
23.Rde1 Rad8 24.Re4 a6 25.Qf2 Qc7 26.Qb2 Kh7 27.Ref4 f6 28.Ne6 Bxe6 29.dxe6 Rde8
30.Bd5 b6 31.g4 a5 32.R4f3 Qc5 33.h4 g5 34.hxg5 hxg5 35.Rh3+ Kg7 36.Qh2  1-0

[Event "Biel op MTO"]
[Site "Biel"]
[Date "1997.??.??"]
[Round "11"]
[White "Ellers, Holger"]
[Black "Haselhorst, Helmut"]
[Result "1-0"]
[WhiteElo "2405"]
[BlackElo "2165"]

1.d4 Nf6 2.Nf3 g6 3.c4 Bg7 4.g3 O-O 5.Bg2 d6 6.Nc3 Nc6 7.d5 Na5 8.b3 c5 9.Bb2 a6
10.O-O Rb8 11.Nd2 b5 12.Qc2 bxc4 13.bxc4 Ng4 14.Nd1 Bh6 15.Qc3 f6 16.f4 Bg7
17.Rb1 e5 18.Qc2 f5 19.h3 Nh6 20.Nf2 Rb7 21.fxe5 dxe5 22.e4 Rbf7 23.Nd3 Qg5
24.Rf3 Nb7 25.Nxe5 Bxe5 26.Bxe5 fxe4 27.Bf4 Qh5 28.Nxe4 Bxh3 29.Bxh3 Qxh3
30.Ng5 Qh5 31.Nxf7 Rxf7 32.Re3 g5 33.Re8+ Kg7 34.Be5+  1-0

[Event "Bled op18th"]
[Site "Bled"]
[Date "1997.??.??"]
[Round "1"]
[White "Gheng, Josef"]
[Black "Ipavec, Petra"]
[Result "1/2-1/2"]
[WhiteElo "2295"]
[BlackElo "2065"]

1.d4 Nf6 2.Nf3 g6 3.g3 Bg7 4.Bg2 O-O 5.c4 d6 6.O-O Nc6 7.Nc3 a6 8.h3 Rb8
9.Bg5 Nd7 10.Rc1 h6 11.Be3 e5 12.d5 Ne7 13.Ne1 f5 14.f4 Kh7 15.Bf2 Ng8 16.fxe5 Nxe5
17.c5 Nf6 18.Nd3 Qe7 19.cxd6 cxd6 20.Nxe5 Qxe5 21.Qd3 Ne4 22.Nxe4 fxe4 23.Qxe4 Qxe4
24.Bxe4 Bxh3 25.Rc7 Bxf1 26.Bd4 Rg8 27.Kxf1 Kh8 28.Ba7 Rbf8+ 29.Kg2 Bxb2
30.Rxb7 Be5 31.Be3 Rb8 32.Ra7 Ra8 33.Rc7 Rg7 34.Rc1 g5 35.Rh1 Rb8 36.Rxh6+ Kg8
37.Bd3 a5 38.a4 Rb4 39.Bf5 Rxa4 40.Be6+ Kf8 41.Rh8+ Ke7 42.Bb6 Kf6 43.Rf8+ Ke7
44.Ra8 Kf6 45.Bxa5 Rxa5 46.Rxa5 Rc7 47.Ra8 Rc3 48.Rf8+ Kg7 49.Rg8+ Kf6 50.g4 Bf4
51.Rf8+ Ke5 52.Bg8 Kd4  1/2-1/2

[Event "Bled op18th"]
[Site "Bled"]
[Date "1997.??.??"]
[Round "5"]
[White "Tatenhorst, Volker"]
[Black "Mazi, Leon"]
[Result "0-1"]
[WhiteElo "2280"]
[BlackElo "2355"]

1.d4 Nf6 2.c4 d6 3.Nf3 g6 4.g3 Bg7 5.Bg2 O-O 6.O-O Nbd7 7.Nc3 e5 8.e4 c6
9.h3 exd4 10.Nxd4 Re8 11.Be3 Nc5 12.Qc2 a5 13.Rad1 Nfd7 14.Rfe1 a4 15.f4 Qa5
16.Bf2 Qb4 17.a3 Qa5 18.Nf3 Bf8 19.f5 Ne5 20.Ne2 Ncd7 21.Nf4 Nb6 22.Nxe5 dxe5
23.Nd3 gxf5 24.c5 fxe4 25.Rxe4 Nd7 26.Rh4 Bg7 27.Rf1 Nf8 28.Be3 Ng6 29.Rh5 Be6
30.Bh6 Bh8 31.Be4 Qc7 32.Nf2 Qd7 33.Bf5 Qd4 34.Bxe6 e4 35.Rd1 Qxb2 36.Bxf7+ Kxf7
37.Qc4+ Re6 38.Rf5+ Ke7 39.Bg5+ Bf6 40.Bxf6+ Rxf6 41.Rxf6 Qxf6 42.Qxe4+ Qe5
43.Qd3 Kf8 44.Ng4 Qxc5+ 45.Kh2 Kg8 46.Rf1 Rf8 47.Nf6+ Kh8 48.Nd7 Rf2+ 49.Rxf2 Qxf2+
50.Kh1 Kg7 51.Qc3+ Kf7 52.Nc5 Qf1+ 53.Kh2 Qe2+ 54.Kh1 Ne5 55.Qc1 Qf3+ 56.Kh2 b6
57.Qb2 Nc4 58.Qc2 bxc5 59.Qxc4+ Qd5 60.Qxa4 c4 61.Qa7+ Kg6 62.Qe3 Kf6 63.h4 Qd3
64.Qf4+ Ke6 65.Kg2 c3 66.Kf2 c2 67.g4 c5 68.Qh6+ Kd5 69.h5 Qd1 70.Qg5+ Kc4
71.Qg8+ Kc3  0-1

[Event "Bled op18th"]
[Site "Bled"]
[Date "1997.??.??"]
[Round "7"]
[White "Tatenhorst, Volker"]
[Black "Ipavec, Petra"]
[Result "0-1"]
[WhiteElo "2280"]
[BlackElo "2065"]

1.d4 Nf6 2.c4 g6 3.Nf3 Bg7 4.g3 O-O 5.Bg2 d6 6.O-O Nc6 7.Nc3 a6 8.b3 Rb8
9.Bb2 b5 10.cxb5 axb5 11.Rc1 Na5 12.Ne1 c5 13.dxc5 dxc5 14.Qxd8 Rxd8 15.Nb1 Bf5
16.Be5 Rbc8 17.Nc3 b4 18.Na4 Rd2 19.Nxc5 Nd7 20.Nf3 Rxa2 21.Bxg7 Nxc5 22.Bh6 Naxb3
23.Rc4 Ra4 24.Ng5 Nd2 25.Rxc5 Rxc5 26.Rd1 Ra2 27.Ne4 Rca5 28.Bxd2 Ra1 29.Re1 Rxe1+
30.Bxe1 Ra1 31.Kf1 b3 32.Nc3 b2  0-1

[Event "Clarin GP1 Boca Juniors"]
[Site "Boca"]
[Date "1997.??.??"]
[Round "4"]
[White "Varela, Gaston"]
[Black "Sorin, Ariel"]
[Result "0-1"]
[WhiteElo "2290"]
[BlackElo "2460"]

1.d4 Nf6 2.Nf3 g6 3.c4 Bg7 4.g3 O-O 5.Bg2 d6 6.O-O c6 7.Nc3 Bf5 8.Nh4 Be6
9.d5 cxd5 10.cxd5 Bd7 11.e4 a5 12.Be3 a4 13.Rc1 Qa5 14.h3 Rc8 15.Bd4 Na6
16.f4 a3 17.bxa3 Rc4 18.Ne2 Rac8 19.Rxc4 Rxc4 20.Qb3 Bb5 21.Rb1 Nc7 22.e5 Nd7
23.exd6 exd6 24.Bxg7 Kxg7 25.Kh1 Qd2 26.Rb2 Qe1+ 27.Kh2 Qa1 28.Rb1 Qf6 29.Qd1 Nc5
30.Qd2 Ba6 31.Rb4 Qa1 32.f5 Nd3 33.Rxc4 Bxc4 34.fxg6 hxg6 35.Nf4 Qe1 36.Nf3 Qxd2
37.Nxd2 Ne5 38.Ne4 Ne8 39.Nc3 g5 40.Nh5+ Kh6 41.g4 f5 42.Ng3 fxg4 43.Nf5+ Kg6
44.Be4 Kf6 45.hxg4 Nxg4+ 46.Kg3 Ne5 47.a4 Nd3 48.Ne3 Ba6 49.Ng4+ Ke7  0-1

[Event "Doprastav op"]
[Site "Bratislava"]
[Date "1997.??.??"]
[Round "4"]
[White "Machalova, Veronika"]
[Black "Mruskovic, Radoslav"]
[Result "1-0"]
[WhiteElo "1790"]
[BlackElo "1995"]

1.c4 d6 2.d4 Nf6 3.g3 g6 4.Bg2 Bg7 5.Nf3 O-O 6.O-O Nc6 7.Nc3 e5 8.e3 Bf5
9.a3 a5 10.b3 Qd7 11.Bb2 Bh3 12.dxe5 dxe5 13.Qxd7 Bxd7 14.Nb5 Ne8 15.e4 f5
16.exf5 Bxf5 17.Ng5 h6 18.Bd5+ Kh8 19.Ne6 Bxe6 20.Bxe6 Nd4 21.Nxd4 exd4 22.Rad1 c5
23.Rfe1 Rf3 24.Bd7 Nf6 25.Ba4 Ng4 26.Rd2 Raf8 27.Rf1 Bf6 28.h3 Bg5 29.Re2 Ne3
30.Rfe1 Nf5 31.Kg2 Nd6 32.h4 Bd8 33.Bc1 Kh7 34.Bf4 R3xf4 35.gxf4 Rxf4 36.Re6 Nf5
37.Be8 Nxh4+ 38.Kf1 g5 39.Rd6 Bf6 40.Rd7+ Kg8 41.Bf7+ Kg7 42.Bh5+  1-0

[Event "Bratto op"]
[Site "Bratto"]
[Date "1997.??.??"]
[Round "7"]
[White "Marchini, Massimo"]
[Black "Mauro, Alan"]
[Result "1/2-1/2"]
[WhiteElo "2150"]
[BlackElo "2310"]

1.Nf3 Nf6 2.c4 g6 3.d4 Bg7 4.g3 O-O 5.Bg2 d6 6.Nc3 Nc6 7.O-O a6 8.e4 e5 9.d5 Ne7
10.Ne1 b5 11.b3 c5 12.a4 Bd7 13.Bd2 Qc7 14.Nd3 Rab8 15.Qc2 Nh5 16.Rab1 f5
17.axb5 axb5 18.Nxb5 Bxb5 19.cxb5 fxe4 20.Bxe4 Nf6 21.Qc4 Nxe4 22.Qxe4 Rxb5
23.f4 exf4 24.Nxf4 Nf5 25.Ne6 Qe7 26.Bg5 Bd4+ 27.Qxd4 Qxe6 28.Qa4 Qe8 29.Rbe1 Qb8
30.Qe4 Qc8 31.Rf3 Rb4 32.Qe6+ Qxe6 33.dxe6 Re8 34.Bf4 Nd4 35.Rd3 Rb6 36.b4 Rxb4
37.Bxd6 Rxe6 38.Rxe6 Nxe6 39.Rc3 Rb5 40.Kf2 Kf7 41.Ke3 Ke8 42.Ke4 Kd7 43.Kd5 h5
44.h3 g5 45.Be5 Rb1 46.Rd3 Rc1 47.Ke4+ Ke7 48.Kf5 Rf1+ 49.Kg6 h4 50.gxh4 Nf4+
51.Bxf4 gxf4 52.Kf5 f3 53.Kf4 f2 54.Kf3 Ke6 55.Kg2 Ra1 56.Kxf2 c4 57.Rd8 Ke5
58.Ke2 c3 59.Rd1 Ra3 60.Kd3 Kd5 61.Rc1  1/2-1/2

[Event "Ciocaltea mem"]
[Site "Bucharest"]
[Date "1997.??.??"]
[Round "9"]
[White "Marin, Mihail"]
[Black "Iordachescu, Viorel"]
[Result "1/2-1/2"]
[WhiteElo "2545"]
[BlackElo "2485"]

1.Nf3 g6 2.c4 Bg7 3.d4 Nf6 4.g3 O-O 5.Bg2 d6 6.O-O Nc6 7.Nc3 a6 8.d5 Na5
9.Nd2 c5 10.Qc2 Rb8 11.b3 b5 12.Bb2 e5 13.dxe6 fxe6 14.Rab1  1/2-1/2

[Event "Budapest FS03 IM-B"]
[Site "Budapest"]
[Date "1997.??.??"]
[Round "1"]
[White "Ellers, Holger"]
[Black "De Santis, Alessio"]
[Result "1-0"]
[WhiteElo "2260"]
[BlackElo "2255"]

1.d4 d6 2.g3 Nf6 3.Bg2 g6 4.Nf3 Bg7 5.c4 O-O 6.Nc3 Nc6 7.d5 Na5 8.b3 Bf5
9.Bb2 c5 10.O-O a6 11.Nd2 Rb8 12.e4 Bg4 13.Qc2 Qc8 14.Nd1 b5 15.Bc3 Qc7 16.Ne3 Bd7
17.f4 bxc4 18.bxc4 Ne8 19.Rab1 Bxc3 20.Qxc3 Ng7 21.Bf3 f6 22.Kg2 Nb7 23.Rb2 Rfc8
24.Rfb1 Nd8 25.Qa3 Rxb2 26.Rxb2 a5 27.Qb3 Ra8 28.Bg4 f5 29.exf5 Bxf5 30.Bxf5 gxf5
31.Qb6 Qd7 32.Qb5 Qc8 33.Nf3 Nf7 34.Qb7 Qf8 35.Qc7 Re8 36.Qxa5 e5 37.dxe6 Nxe6
38.Qc3 Nd4 39.Nxd4 cxd4 40.Qxd4 Re4 41.Qd3 Rxf4 42.Rb7 Re4 43.Nxf5 Re5 44.g4 h5
45.Ne7+ Rxe7 46.Qg6+ Kh8 47.Qf6+  1-0